Ultimate How They Died Quiz - Statistics

General Stats
  • This quiz has been taken 309 times
    296 since last reset
  • The average score is 21 of 37
Answer Stats
Profession Year of Death Cause of Death Person % Correct
Religious Figure c. AD 30/33 Crucifixion Jesus Christ
96%
President (USA) 1865 Shot in the back of the head by John Wilkes Booth Abraham Lincoln
94%
President (USA) 1963 Assassinated by supposedly Lee Harvey Oswald John F. Kennedy
93%
Dictator (Germany) 1945 Suicide by gunshot wound to the head Adolf Hitler
90%
Dictator (Rome) B.C. 44 Betrayed by senators and stabbed over 20 times Julius Caesar
89%
Princess 1997 Car crash Princess Diana
84%
Civil Rights Activist 1968 Assassinated by James Earl Ray in Memphis, Tennessee Martin Luther King Jr.
79%
Pilot 1937 Disappeared while flying over the Pacific Ocean Amelia Earhart
76%
Magician/Escape Artist 1926 Peritonitis due to ruptured appendix Harry Houdini
74%
Politician (USA) 1968 Assassinated by Sirhan Sirhan in Los Angeles, California Robert F. Kennedy
74%
Singer 1991 AIDS Freddie Mercury
73%
Rapper 1996 Assassinated by an unknown assailant Tupac Shakur
73%
Martial Arts Actor 1973 Unknown, possibly could be brain swelling Bruce Lee
72%
Singer 2009 Cardiac arrest from overdose on prescription drugs Michael Jackson
72%
Singer 1980 Assassinated by Mark David Chapman in New York City, New York John Lennon
71%
Singer 1994 Suicide by gunshot wound to the head Kurt Cobain
64%
Singer 2011 Alcohol Poisoning Amy Winehouse
61%
Actor 1955 Car Crash James Dean
59%
Civil Rights Activist 1965 Assassinated by three members of the Nation of Islam Malcolm X
58%
Rapper 1997 Assassinated by an unknown assailant Notorious B.I.G
58%
Assassin 1963 Assassinated by nightclub owner Jack Ruby Lee Harvey Oswald
55%
Actor 2013 Car Crash Paul Walker
54%
Guitarist/Singer 1970 Asphyxiated on own vomit from drugs Jimi Hendrix
53%
President (USA) 1881 Infection as a result of assassination by Charles Guiteau James A. Garfield
49%
DJ 2018 Suicide by broken wine bottle Avicii
47%
Computer Scientist/Mathematician 1954 Cyanide poisoning (unknown if suicide or not) Alan Turing
46%
President (USA) 1901 Assassinated by Leon Czolgosz in Buffalo, New York William McKinley
45%
Actor 2014 Suicide by hanging with a belt Robin Williams
44%
Politician (USSR) 1940 Blunt force trauma due to blow from ice pick to the head Leon Trotsky
43%
Singer 1984 Shot by his own father Marvin Gaye
43%
Actor 2008 Accidental overdose on prescription drugs Heath Ledger
41%
Athlete 1941 ALS Disease Lou Gehrig
39%
Actor 1982 Combined drug intoxication of speedball John Belushi
20%
Politician (USA) 1978 Assassinated by Dan White Harvey Milk
19%
Singer 1981 Melanoma (skin cancer) Bob Marley
17%
Singer 1967 Plane crash Otis Redding
14%
Athlete 1972 Plane crash Roberto Clemente
10%
No matching quizzes found
Score Distribution
Percent of People with Each Score
Percentile by Number Answered
Your Score History
You have not taken this quiz since the last reset